[Event "GER-ch Net blitz qual2"]
[Site "Playchess.com INT"]
[Date "2021.05.04"]
[Round "2"]
[White "Albert, Gerhard"]
[Black "Altenburg, Nils"]
[Result "1-0"]
[WhiteElo "1779"]
[BlackElo "1620"]
[PlyCount "83"]
[EventDate "2021.05.04"]
[EventType "swiss (blitz)"]
[EventRounds "11"]
[EventCountry "GER"]
[SourceTitle "CBM 202 Extra"]
[Source "ChessBase"]
[SourceDate "2021.07.31"]
[SourceVersion "1"]
[SourceVersionDate "2021.07.31"]
[SourceQuality "1"]

1. e4 d5 2. exd5 Qxd5 3. Nc3 Qa5 4. Bc4 Bf5 5. d3 c6 6. Nge2 Qc7 7. Ng3 Bg6 8. Qe2 Nf6 9. Bg5 Nbd7 10. Bb3 e6 11. f4 h6 12. Bh4 Qxf4 13. Bxf6 Nxf6 14. Rf1 Qh4 15. Rh1 Bd6 16. 0-0-0 Bxg3 17. hxg3 Qxg3 18. Rh3 Qg5+ 19. Qe3 Qxg2 20. Rg1 Qxg1+ 21. Qxg1 0-0-0 22. a3 Rd7 23. Qxa7 Rhd8 24. Kb1 Kc7 25. Qa5+ Kb8 26. Rh4 Nd5 27. Nxd5 Rxd5 28. Qb4 Re5 29. Qe7 Re1+ 30. Ka2 Kc8 31. Rb4 Rd7 32. Qf8+ Kc7 33. Qxg7 Re2 34. Qxh6 Bxd3 35. cxd3 Rxd3 36. Qf4+ Kc8 37. Qxf7 Rdd2 38. Bxe6+ Kd8 39. Rxb7 Rxb2+ 40. Rxb2 Rxb2+ 41. Kxb2 c5 42. Qd7# 1-0

[Event "GER-ch Net blitz qual2"]
[Site "Playchess.com INT"]
[Date "2021.05.04"]
[Round "11"]
[White "Altenburg, Nils"]
[Black "Toellner, Uwe"]
[Result "1-0"]
[WhiteElo "1620"]
[BlackElo "1970"]
[PlyCount "175"]
[EventDate "2021.05.04"]
[EventType "swiss (blitz)"]
[EventRounds "11"]
[EventCountry "GER"]
[SourceTitle "CBM 202 Extra"]
[Source "ChessBase"]
[SourceDate "2021.07.31"]
[SourceVersion "1"]
[SourceVersionDate "2021.07.31"]
[SourceQuality "1"]

1. d4 Nf6 2. Nf3 c5 3. c3 e6 4. Bf4 d5 5. e3 Nc6 6. Nbd2 Bd6 7. Bg3 Nh5 8. Bh4 Be7 9. Bxe7 Qxe7 10. Be2 Nf6 11. 0-0 0-0 12. h3 e5 13. dxe5 Nxe5 14. Nxe5 Qxe5 15. Nf3 Qe7 16. Re1 Rd8 17. Qc2 Ne4 18. Rad1 Bf5 19. Bd3 Bg6 20. Qb3 c4 21. Bxc4 dxc4 22. Qxc4 Rxd1 23. Rxd1 Rd8 24. Rd4 Rxd4 25. Qxd4 a6 26. Ne5 Nf6 27. Nxg6 hxg6 28. a3 Qd7 29. Qxd7 Nxd7 30. Kf1 g5 31. Ke2 f6 32. Kd3 Kf7 33. Kd4 Ke6 34. f3 Kd6 35. b4 b6 36. c4 Ne5 37. a4 Nc6+ 38. Kc3 a5 39. b5 Nb4 40. g3 Kc5 41. f4 gxf4 42. exf4 Kd6 43. g4 Ke6 44. Kd4 Nc2+ 45. Ke4 Na3 46. Kd4 Kd6 47. h4 Nc2+ 48. Ke4 Ne1 49. Kf5 Nf3 50. h5 Nh4+ 51. Ke4 Ke6 52. Kd4 Kd6 53. Ke4 Ke6 54. Kd4 Nf3+ 55. Ke4 Nh2 56. g5 Ng4 57. c5 f5+ 58. Kd4 bxc5+ 59. Kxc5 Kd7 60. Kd5 Ne3+ 61. Ke5 Nc4+ 62. Kxf5 Nd6+ 63. Kg6 Nxb5 64. Kxg7 Nd6 65. h6 Nf5+ 66. Kf6 Ne3 67. h7 Nd5+ 68. Kf7 Nb6 69. h8Q Kc6 70. Qf6+ Kc5 71. Qxb6+ Kxb6 72. g6 Kc5 73. g7 Kb4 74. g8Q Kxa4 75. Qb8 Ka3 76. Ke6 a4 77. Kd5 Ka2 78. Qb4 a3 79. Kc4 Ka1 80. Qxa3+ Kb1 81. Qh3 Kb2 82. Qg3 Kc2 83. Qf2+ Kd1 84. Qa2 Ke1 85. Kd3 Kf1 86. Ke3 Kg1 87. Kf3 Kh1 88. Qg2# 1-0

[Event "GER-ch Net blitz qual2"]
[Site "Playchess.com INT"]
[Date "2021.05.04"]
[Round "5"]
[White "Juergens, Florian"]
[Black "Altenburg, Nils"]
[Result "1-0"]
[WhiteElo "1885"]
[BlackElo "1620"]
[PlyCount "31"]
[EventDate "2021.05.04"]
[EventType "swiss (blitz)"]
[EventRounds "11"]
[EventCountry "GER"]
[SourceTitle "CBM 202 Extra"]
[Source "ChessBase"]
[SourceDate "2021.07.31"]
[SourceVersion "1"]
[SourceVersionDate "2021.07.31"]
[SourceQuality "1"]

1. e4 d5 2. e5 Bf5 3. d4 e6 4. g4 Bg6 5. h4 h6 6. h5 Bh7 7. f4 Be7 8. Nf3 Nd7 9. Bg2 Be4 10. Nbd2 f5 11. g5 hxg5 12. Nxe4 g4 13. Nfg5 dxe4 14. Nxe6 Bh4+ 15. Kf1 Qe7 16. Nxc7+ 1-0

[Event "DSOL 07 Liga Gr-A 1st"]
[Site "Playchess.com INT"]
[Date "2020.07.27"]
[Round "6.1"]
[White "Altenburg, Nils"]
[Black "Thuemler, Floris"]
[Result "1-0"]
[WhiteElo "1528"]
[BlackElo "1446"]
[PlyCount "53"]
[EventDate "2020.06.22"]
[EventType "team-tourn (rapid)"]
[EventCountry "GER"]
[SourceTitle "EXT 2021"]
[Source "ChessBase"]
[SourceDate "2020.10.23"]
[SourceVersion "1"]
[SourceVersionDate "2020.10.23"]
[SourceQuality "1"]
[WhiteTeam "Hamburger SK IX"]
[BlackTeam "Koenigsjaeger Sued West II"]
[WhiteTeamCountry "GER"]
[BlackTeamCountry "GER"]

1. d4 Nf6 2. Nf3 g6 3. Bf4 Bg7 4. e3 0-0 5. Nbd2 d6 6. Bd3 Nbd7 7. 0-0 Nh5 8. Bg5 Qe8 9. h3 e5 10. Re1 f5 11. Bc4+ Kh8 12. e4 fxe4 13. Nxe4 Nb6 14. Bb3 d5 15. Nc3 e4 16. Nxd5 Nxd5 17. Bxd5 Qb5 18. Bxe4 Qxb2 19. Qd2 c5 20. Be7 Re8 21. Bxc5 Rb8 22. Reb1 Qxb1+ 23. Rxb1 Rxe4 24. Qa5 b6 25. Qxa7 Rb7 26. Qa8 Re8 27. Rxb6 1-0

[Event "GER-ch Net blitz qual2"]
[Site "Playchess.com INT"]
[Date "2020.03.16"]
[Round "3"]
[White "Altenburg, Nils"]
[Black "Boschmann, Alexander"]
[Result "0-1"]
[WhiteElo "1488"]
[BlackElo "1792"]
[PlyCount "76"]
[EventDate "2020.03.16"]
[EventType "swiss (blitz)"]
[EventRounds "9"]
[EventCountry "GER"]
[SourceTitle "CBM 195 Extra"]
[Source "ChessBase"]
[SourceDate "2020.05.31"]
[SourceVersion "1"]
[SourceVersionDate "2020.05.31"]
[SourceQuality "1"]

1. d4 f5 2. Nf3 Nf6 3. Bf4 g6 4. e3 Bg7 5. Nbd2 d6 6. Bc4 e6 7. 0-0 0-0 8. h3 Kh8 9. c3 Qe8 10. Ng5 h6 11. Ngf3 Nbd7 12. Qb3 e5 13. dxe5 dxe5 14. Bh2 e4 15. Nd4 Nb6 16. Ne6 Nxc4 17. Nxg7 Nxd2 18. Nxe8 Nxb3 19. Nxc7 Nxa1 20. Nxa8 Nc2 21. Nc7 Rf7 22. Be5 Kg8 23. Rc1 Nxe3 24. fxe3 Nd7 25. Bf4 g5 26. Bd6 Nb6 27. b3 a5 28. Rd1 a4 29. Nd5 Nxd5 30. Rxd5 Rd7 31. c4 axb3 32. axb3 b6 33. Kf2 Kf7 34. Rxf5+ Ke6 35. Rf8 Bb7 36. Bb4 Rd3 37. Re8+ Kd7 38. Rxe4 Bxe4 0-1

[Event "GER-ch Net blitz qual2"]
[Site "Playchess.com INT"]
[Date "2020.03.16"]
[Round "8"]
[White "Altenburg, Nils"]
[Black "Brandt, Marc"]
[Result "1-0"]
[WhiteElo "1488"]
[BlackElo "1477"]
[PlyCount "139"]
[EventDate "2020.03.16"]
[EventType "swiss (blitz)"]
[EventRounds "9"]
[EventCountry "GER"]
[SourceTitle "CBM 195 Extra"]
[Source "ChessBase"]
[SourceDate "2020.05.31"]
[SourceVersion "1"]
[SourceVersionDate "2020.05.31"]
[SourceQuality "1"]

1. d4 f5 2. Nf3 e6 3. Bf4 Nf6 4. Nbd2 Be7 5. e3 0-0 6. Bc4 d6 7. 0-0 Nc6 8. Ng5 Kh8 9. Nxe6 Bxe6 10. Bxe6 Qe8 11. Bxf5 Qh5 12. Bd3 Ng4 13. h3 Rxf4 14. hxg4 Rxg4 15. Be2 Rxg2+ 16. Kxg2 Qg5+ 17. Bg4 d5 18. Rg1 Bd6 19. Kf1 Qf6 20. Qf3 Qe7 21. Qh3 Rf8 22. Nf3 Rf6 23. Ng5 h6 24. c3 Qf8 25. Rg2 Na5 26. Ne6 Qe7 27. b3 Nc6 28. Ke2 Nd8 29. Nxd8 Qxd8 30. Rag1 b6 31. Be6 Bf8 32. Qg4 Qe7 33. Bc8 a5 34. Bb7 c5 35. Bxd5 cxd4 36. Qxd4 Qa3 37. Qxf6 Qxa2+ 38. Kd3 Qa3 39. Qxf8+ Qxf8 40. Be4 Qd8+ 41. Ke2 Qc7 42. Rxg7 Qxg7 43. Rxg7 Kxg7 44. Kd3 h5 45. Kc4 Kf6 46. Kb5 Kg5 47. Kxb6 h4 48. Kxa5 h3 49. b4 Kh4 50. b5 Kg4 51. Bh1 h2 52. b6 Kh3 53. b7 Kg4 54. b8Q Kg5 55. Qxh2 Kf6 56. Qd6+ Kf5 57. f3 Kg5 58. Qe5+ Kg6 59. f4 Kf7 60. Qd6 Kg7 61. Be4 Kf7 62. Qg6+ Ke7 63. Bf5 Kd8 64. Qg8+ Kc7 65. Qd5 Kb8 66. Bc8 Kc7 67. Qe6 Kb8 68. Qe7 Kxc8 69. Kb6 Kb8 70. Qd8# 1-0

[Event "GER-ch Net blitz qual1"]
[Site "Playchess.com INT"]
[Date "2020.03.07"]
[Round "8"]
[White "Altenburg, Nils"]
[Black "Hartewig, Anja"]
[Result "1-0"]
[WhiteElo "1455"]
[BlackElo "1757"]
[PlyCount "161"]
[EventDate "2020.03.07"]
[EventType "swiss (blitz)"]
[EventRounds "9"]
[EventCountry "GER"]
[SourceTitle "CBM 195 Extra"]
[Source "ChessBase"]
[SourceDate "2020.05.31"]
[SourceVersion "1"]
[SourceVersionDate "2020.05.31"]
[SourceQuality "1"]

1. d4 d5 2. Nf3 Nf6 3. Bf4 g6 4. e3 Bg7 5. Nbd2 0-0 6. c3 Nbd7 7. Bd3 c5 8. Rc1 b6 9. 0-0 Bb7 10. Ne5 c4 11. Bb1 b5 12. Ndf3 a5 13. Ng5 Nxe5 14. Bxe5 b4 15. Qf3 h6 16. Nh3 Nd7 17. Qg3 Nxe5 18. dxe5 Qb8 19. f4 Bc8 20. Nf2 Qb6 21. Rfe1 bxc3 22. bxc3 Rb8 23. Qf3 Bb7 24. Qd1 Qc6 25. Qd4 e6 26. Ng4 Qc8 27. Bc2 Qd8 28. g3 Bc6 29. Rb1 Qc7 30. Kf2 Rxb1 31. Rxb1 Rb8 32. Ke2 Rxb1 33. Bxb1 Qb7 34. Qd1 Qb2+ 35. Qc2 Qxc2+ 36. Bxc2 h5 37. Nf2 Bh6 38. e4 Kg7 39. exd5 Bxd5 40. Be4 f6 41. exf6+ Kxf6 42. Bxd5 exd5 43. Ke3 Ke6 44. Kd4 Bg7+ 45. Kc5 Bxc3 46. Nh3 Bb4+ 47. Kd4 Kd6 48. Ng5 c3 49. Kd3 Kc6 50. Ne6 Kb5 51. Nd4+ Ka4 52. Nc2 Kb5 53. Kd4 Ka4 54. Kxd5 Kb5 55. Kd4 Kc6 56. Kc4 Kd6 57. Kb3 Ke6 58. a3 Bc5 59. Kxc3 Bg1 60. Nd4+ Kd5 61. Nf3 Bf2 62. Kd3 Kc5 63. Ke2 Bd4 64. Nxd4 Kxd4 65. Kd2 Kc4 66. Ke3 Kb3 67. h3 Kxa3 68. g4 Kb4 69. f5 a4 70. f6 a3 71. f7 Kb3 72. f8Q a2 73. Qf7+ Kb2 74. Qb7+ Kc1 75. Qc6+ Kb2 76. Qb5+ Kc1 77. Qc4+ Kb2 78. Qb4+ Ka1 79. Kd2 hxg4 80. Kc2 gxh3 81. Qb2# 1-0

[Event "GER-ch Net blitz qual1"]
[Site "Playchess.com INT"]
[Date "2020.03.07"]
[Round "3"]
[White "Altenburg, Nils"]
[Black "Ramspeck, Nils"]
[Result "1-0"]
[WhiteElo "1455"]
[BlackElo "1620"]
[PlyCount "41"]
[EventDate "2020.03.07"]
[EventType "swiss (blitz)"]
[EventRounds "9"]
[EventCountry "GER"]
[SourceTitle "CBM 195 Extra"]
[Source "ChessBase"]
[SourceDate "2020.05.31"]
[SourceVersion "1"]
[SourceVersionDate "2020.05.31"]
[SourceQuality "1"]

1. d4 Nf6 2. Nf3 g6 3. Bf4 Bg7 4. e3 0-0 5. Bd3 d6 6. Nbd2 Nbd7 7. 0-0 c5 8. c3 cxd4 9. exd4 Re8 10. Re1 Ng4 11. Ng5 e5 12. dxe5 dxe5 13. Qb3 Qf6 14. Nde4 Qxf4 15. g3 Nc5 16. Qc4 Ne6 17. gxf4 Nxf4 18. Nxf7 Rf8 19. Nh6+ Kh8 20. Qg8+ Rxg8 21. Nf7# 1-0

[Event "GER-ch Net blitz qual1"]
[Site "Playchess.com INT"]
[Date "2020.03.07"]
[Round "2"]
[White "Bonsen, Andreas"]
[Black "Altenburg, Nils"]
[Result "1-0"]
[WhiteElo "1902"]
[BlackElo "1455"]
[PlyCount "43"]
[EventDate "2020.03.07"]
[EventType "swiss (blitz)"]
[EventRounds "9"]
[EventCountry "GER"]
[SourceTitle "CBM 195 Extra"]
[Source "ChessBase"]
[SourceDate "2020.05.31"]
[SourceVersion "1"]
[SourceVersionDate "2020.05.31"]
[SourceQuality "1"]

1. d4 d5 2. Bf4 Nf6 3. Nf3 Bf5 4. e3 e6 5. Bd3 Ne4 6. Nbd2 Nd7 7. 0-0 Ndf6 8. c4 Bb4 9. Qa4+ Qd7 10. Qxb4 b6 11. Ne5 Qd8 12. Qb5+ Nd7 13. Bxe4 Bxe4 14. Nxe4 dxe4 15. Nxd7 Qxd7 16. Qxd7+ Kxd7 17. Rac1 Rad8 18. Rfd1 Kc8 19. c5 Kb7 20. cxb6 axb6 21. Rxc7+ Ka6 22. Rxf7 1-0

[Event "GER-ch Net blitz qual1"]
[Site "Playchess.com INT"]
[Date "2020.03.07"]
[Round "7"]
[White "Hartmann, Lasse Elias"]
[Black "Altenburg, Nils"]
[Result "1-0"]
[WhiteElo "1620"]
[BlackElo "1455"]
[PlyCount "55"]
[EventDate "2020.03.07"]
[EventType "swiss (blitz)"]
[EventRounds "9"]
[EventCountry "GER"]
[SourceTitle "CBM 195 Extra"]
[Source "ChessBase"]
[SourceDate "2020.05.31"]
[SourceVersion "1"]
[SourceVersionDate "2020.05.31"]
[SourceQuality "1"]

1. e4 c6 2. d4 d5 3. exd5 cxd5 4. Bd3 Nf6 5. Nc3 e6 6. Nf3 Bd6 7. 0-0 Nc6 8. Bg5 0-0 9. Qd2 Be7 10. Ne5 Nxd4 11. Bxh7+ Nxh7 12. Bxe7 Nf3+ 13. Nxf3 Qxe7 14. Qd4 Qf6 15. Ne5 Bd7 16. Rae1 Ng5 17. Re3 Rac8 18. f4 Rc4 19. Qd3 Rxf4 20. Nxd7 Rxf1+ 21. Qxf1 Qd4 22. Qd3 Qb4 23. Nxf8 Kxf8 24. Nxd5 exd5 25. Qf5 Ne6 26. Rxe6 Qc4 27. Re3 Qxa2 28. Qc8# 1-0

[Event "GER-ch Net blitz qual1"]
[Site "Playchess.com INT"]
[Date "2020.03.07"]
[Round "4"]
[White "Joachim, Christian"]
[Black "Altenburg, Nils"]
[Result "1-0"]
[WhiteElo "1714"]
[BlackElo "1455"]
[PlyCount "67"]
[EventDate "2020.03.07"]
[EventType "swiss (blitz)"]
[EventRounds "9"]
[EventCountry "GER"]
[SourceTitle "CBM 195 Extra"]
[Source "ChessBase"]
[SourceDate "2020.05.31"]
[SourceVersion "1"]
[SourceVersionDate "2020.05.31"]
[SourceQuality "1"]

1. Nf3 Nf6 2. d4 d5 3. Bg5 Bf5 4. e3 Nbd7 5. c3 e6 6. Ne5 Be7 7. Nxd7 Qxd7 8. Nd2 Ne4 9. Bf4 Bd6 10. Bg3 Nxg3 11. hxg3 h6 12. Nf3 0-0-0 13. Bd3 Be4 14. Qc2 f5 15. Nh4 Qf7 16. 0-0-0 g5 17. Nf3 Kb8 18. Qb3 Be7 19. Ba6 b6 20. Ne5 Qe8 21. Bb5 Qf8 22. Qa4 Bxg2 23. Qa6 Rd6 24. Nd7+ Rxd7 25. Bxd7 Bxh1 26. Rxh1 Qd8 27. Bc6 Qc8 28. Qb5 Bd6 29. Bd7 Qg8 30. a4 Rh7 31. a5 f4 32. a6 Qd8 33. Qc6 Qxd7 34. Qb7# 1-0

[Event "Harburg-chE 12th"]
[Site "Hamburg"]
[Date "2017.08.06"]
[Round "5"]
[White "Niemann, Leon Pascal"]
[Black "Altenburg, Nils"]
[Result "1/2-1/2"]
[WhiteElo "1605"]
[BlackElo "1611"]
[PlyCount "79"]
[EventDate "2017.08.06"]
[EventType "tourn"]
[EventRounds "5"]
[EventCountry "GER"]
[SourceTitle "CBM 180 Extra"]
[Source "ChessBase"]
[SourceDate "2017.10.06"]
[SourceVersion "1"]
[SourceVersionDate "2017.10.06"]
[SourceQuality "1"]

1. e4 c6 2. d4 d5 3. exd5 cxd5 4. Bd3 Nc6 5. c3 Nf6 6. Nf3 Bg4 7. 0-0 e6 8. h3 Bh5 9. Bf4 Bd6 10. Bxd6 Qxd6 11. Nbd2 0-0 12. Qc2 Rac8 13. a3 Rfe8 14. Rfe1 a6 15. Rac1 Bxf3 16. Nxf3 Qf4 17. Qb1 g6 18. Ne5 Nxe5 19. Rxe5 Nd7 20. Re3 Rc7 21. Rce1 Nb6 22. g3 Qf6 23. Kg2 Nc4 24. Bxc4 Rxc4 25. f4 Rec8 26. Re5 b5 27. R1e3 Qd8 28. Qe1 Qd6 29. Kf3 R4c6 30. g4 Re8 31. f5 Qd7 32. f6 h6 33. Qh4 Kh7 34. g5 h5 35. Qg3 Rec8 36. Kf2 Qd6 37. Rd3 Qd7 38. Re1 Kg8 39. Ra1 Rc4 40. Qe3 1/2-1/2

[Event "Harburg-chE 12th"]
[Site "Hamburg"]
[Date "2017.08.05"]
[Round "3"]
[White "Altenburg, Nils"]
[Black "Lochmann, Viktor"]
[Result "0-1"]
[WhiteElo "1611"]
[BlackElo "1575"]
[PlyCount "92"]
[EventDate "2017.08.06"]
[EventType "tourn"]
[EventRounds "5"]
[EventCountry "GER"]
[SourceTitle "CBM 180 Extra"]
[Source "ChessBase"]
[SourceDate "2017.10.06"]
[SourceVersion "1"]
[SourceVersionDate "2017.10.06"]
[SourceQuality "1"]

1. d4 Nf6 2. Nf3 g6 3. Bf4 Bg7 4. e3 b6 5. Nbd2 Bb7 6. Bc4 d5 7. Bd3 Nc6 8. c3 0-0 9. Qc2 Nh5 10. Bg3 Nxg3 11. hxg3 e5 12. dxe5 Nxe5 13. Nxe5 Bxe5 14. Nf3 Bg7 15. 0-0-0 a5 16. Rh4 Bc8 17. Rdh1 h5 18. Bxg6 fxg6 19. Qxg6 Rf6 20. Qg5 Bg4 21. Ne5 Rxf2 22. Qxd8+ Rxd8 23. Nxg4 hxg4 24. Rxg4 Re8 25. Rh5 Rxe3 26. Kd1 Ree2 27. Rhg5 Re7 28. Rxd5 Rxb2 29. Rd8+ Kf7 30. Rf4+ Bf6 31. Rd3 Rxa2 32. Rdf3 Rd7+ 33. Ke1 Rd6 34. Rc4 c5 35. Rh4 Rxg2 36. Rhf4 Ke7 37. Re4+ Kd7 38. Kf1 Rc2 39. c4 Rd1+ 40. Re1 Rxe1+ 41. Kxe1 Be5 42. Rb3 Kc6 43. Re3 Bd6 44. g4 Rxc4 45. g5 Rg4 46. Re6 Rxg5 0-1

[Event "Harburg-chE 12th"]
[Site "Hamburg"]
[Date "2017.08.05"]
[Round "2"]
[White "Pubantz, Richard"]
[Black "Altenburg, Nils"]
[Result "1-0"]
[WhiteElo "1608"]
[BlackElo "1611"]
[PlyCount "65"]
[EventDate "2017.08.06"]
[EventType "tourn"]
[EventRounds "5"]
[EventCountry "GER"]
[SourceTitle "CBM 180 Extra"]
[Source "ChessBase"]
[SourceDate "2017.10.06"]
[SourceVersion "1"]
[SourceVersionDate "2017.10.06"]
[SourceQuality "1"]

1. d4 d5 2. c4 e6 3. Nf3 Nf6 4. g3 Be7 5. Bg2 0-0 6. 0-0 c6 7. Qc2 dxc4 8. Qxc4 Qd5 9. Qd3 Nbd7 10. Nc3 Qd6 11. Bf4 Qb4 12. a3 Qb3 13. Nd2 Qb6 14. e4 Qd8 15. Rfd1 Re8 16. Rac1 c5 17. Nb3 Qb6 18. Na4 Qa6 19. Naxc5 Nxc5 20. Nxc5 Qb6 21. Rc2 Nd7 22. Na4 Qa5 23. Nc3 e5 24. b4 Qxa3 25. Bc1 Qxb4 26. Nd5 Qxd4 27. Nc7 Nc5 28. Qxd4 exd4 29. Nxe8 Be6 30. Nc7 Bb3 31. Nxa8 Bxc2 32. Rxd4 Nb3 33. Rd7 1-0

[Event "Pinneberg-ch"]
[Site "Pinneberg"]
[Date "2014.??.??"]
[Round "4"]
[White "Altenburg, Nils"]
[Black "Frank, Detlev"]
[Result "1-0"]
[WhiteElo "1617"]
[BlackElo "1725"]
[PlyCount "97"]
[EventDate "2014.08.21"]
[EventType "swiss"]
[EventRounds "7"]
[EventCountry "GER"]
[SourceTitle "EXT 2017"]
[Source "ChessBase"]
[SourceDate "2016.10.25"]
[SourceVersion "1"]
[SourceVersionDate "2016.10.25"]
[SourceQuality "1"]

1. d4 a6 2. e4 b5 3. Nf3 Bb7 4. Bf4 Bxe4 5. Ng5 Bb7 6. Qh5 g6 7. Qh3 Bg7 8. c3 Nf6 9. Nd2 h6 10. Ngf3 g5 11. Be5 g4 12. Qg3 gxf3 13. gxf3 d6 14. Qxg7 Rg8 15. Bxf6 Rxg7 16. Bxg7 e6 17. Bxh6 Qf6 18. Be3 Bxf3 19. Rg1 Nd7 20. Rg8+ Nf8 21. Nxf3 Qxf3 22. Bg2 Qh5 23. Bxa8 Qh7 24. Bc6+ Ke7 25. Rg2 d5 26. 0-0-0 Qe4 27. Rg7 Ng6 28. Bb7 Qh4 29. Rg1 Kf8 30. R7xg6 fxg6 31. Rxg6 Qxh2 32. Rxe6 Qh1+ 33. Kd2 Qb1 34. Bxd5 Qxb2+ 35. Kd3 Qb1+ 36. Ke2 Qc2+ 37. Bd2 a5 38. Re5 b4 39. Bb3 Qb2 40. cxb4 axb4 41. Re4 c6 42. Ke3 Qa3 43. Kf3 Kg7 44. Re6 Qa8 45. Bh6+ Kh7 46. Bc2+ Kh8 47. Rf6 c5+ 48. Be4 Qa3+ 49. Kg2 1-0

[Event "Lueneburg blitz op"]
[Site "Lueneburg"]
[Date "2013.07.22"]
[Round "?"]
[White "Altenburg, Nils"]
[Black "Hinrichs, Jan"]
[Result "0-1"]
[WhiteElo "1609"]
[BlackElo "2072"]
[PlyCount "104"]
[EventDate "2013.07.22"]
[EventType "swiss (blitz)"]
[EventRounds "9"]
[EventCountry "GER"]
[SourceTitle "EXT 2024"]
[Source "ChessBase"]
[SourceDate "2023.10.10"]
[SourceVersion "1"]
[SourceVersionDate "2023.10.10"]
[SourceQuality "1"]

1. d4 d5 2. Nf3 c5 3. e3 Nc6 4. c3 Bg4 5. Be2 Nf6 6. 0-0 e6 7. Nbd2 Qc7 8. dxc5 Bxc5 9. Nb3 Bd6 10. h3 h5 11. Nfd4 a6 12. Nxc6 bxc6 13. Nd4 Bh2+ 14. Kh1 Ne4 15. Bxg4 hxg4 16. Qxg4 0-0-0 17. c4 f5 18. Qe2 Rh6 19. cxd5 Rdh8 20. Nxe6 Rxe6 21. Qxa6+ Kb8 22. dxe6 Bg3 23. f3 Bf2 24. Rxf2 Nxf2+ 25. Kg1 Nxh3+ 26. Kf1 Ng5 27. e4 Rh1+ 28. Ke2 fxe4 29. e7 exf3+ 30. Kf2 Nh3+ 31. gxh3 Qh2+ 32. Ke3 Re1+ 33. Kd3 Qe2+ 34. Kc3 Qxa6 35. Bf4+ Kb7 36. Rxe1 Qa5+ 37. b4 Qa3+ 38. Kc2 Qxa2+ 39. Kc3 Qa3+ 40. Kc4 Qa2+ 41. Kd3 Qb3+ 42. Ke4 Qxb4+ 43. Kf5 Qxe1 44. Be5 f2 45. e8Q f1Q+ 46. Kg6 Qg2+ 47. Kh7 Qxh3+ 48. Kg8 Qc8 49. Qxc8+ Kxc8 50. Bxg7 c5 51. Kf7 c4 52. Bd4 c3 0-1

[Event "Lueneburg blitz op"]
[Site "Lueneburg"]
[Date "2013.07.22"]
[Round "?"]
[White "Altenburg, Nils"]
[Black "Warnke, Klaus"]
[Result "1-0"]
[WhiteElo "1609"]
[BlackElo "1747"]
[PlyCount "55"]
[EventDate "2013.07.22"]
[EventType "swiss (blitz)"]
[EventRounds "9"]
[EventCountry "GER"]
[SourceTitle "EXT 2024"]
[Source "ChessBase"]
[SourceDate "2023.10.10"]
[SourceVersion "1"]
[SourceVersionDate "2023.10.10"]
[SourceQuality "1"]

1. d4 Nf6 2. Nf3 d6 3. Bf4 g6 4. e3 Bg7 5. Bd3 0-0 6. 0-0 Nbd7 7. Nbd2 c5 8. dxc5 Nxc5 9. Bc4 Nh5 10. Bg3 Nxg3 11. fxg3 Bxb2 12. Ng5 Bxa1 13. Nxf7 Rxf7 14. Bxf7+ Kg7 15. Qxa1+ e5 16. Nc4 Bf5 17. g4 Bxc2 18. Nxe5 dxe5 19. Qxe5+ Kh6 20. Qxc5 Rc8 21. g5+ Kh5 22. Qe5 Qxg5 23. Qe6 Bf5 24. Rxf5 Rc1+ 25. Kf2 Rc2+ 26. Ke1 Rxg2 27. Rxg5+ Rxg5 28. Qh3# 1-0

[Event "Lueneburg blitz op"]
[Site "Lueneburg"]
[Date "2013.07.22"]
[Round "?"]
[White "Kopylov, Daniel"]
[Black "Altenburg, Nils"]
[Result "1-0"]
[WhiteElo "1655"]
[BlackElo "1609"]
[PlyCount "45"]
[EventDate "2013.07.22"]
[EventType "swiss (blitz)"]
[EventRounds "9"]
[EventCountry "GER"]
[SourceTitle "EXT 2024"]
[Source "ChessBase"]
[SourceDate "2023.10.10"]
[SourceVersion "1"]
[SourceVersionDate "2023.10.10"]
[SourceQuality "1"]

1. e4 c6 2. d4 d5 3. Nc3 dxe4 4. Nxe4 Bf5 5. Ng3 Bg6 6. h4 h6 7. Nh3 e6 8. Nf4 Bh7 9. Bc4 Bd6 10. Qe2 Qa5+ 11. Bd2 Qb6 12. Nxe6 Qxb2 13. 0-0 Bxg3 14. fxg3 Ne7 15. Nc7+ Kd8 16. Nxa8 Qxd4+ 17. Kh2 Nf5 18. Rad1 Nd7 19. Ba5+ b6 20. Rxd4 Nxd4 21. Qg4 Nxc2 22. Rd1 Ne3 23. Qxd7# 1-0

[Event "GER Cup19 sf24 serv"]
[Site "GER email"]
[Date "2013.07.14"]
[Round "?"]
[White "Altenburg, Nils"]
[Black "Firsching, Guenter"]
[Result "1/2-1/2"]
[WhiteElo "1657"]
[BlackElo "2076"]
[PlyCount "49"]
[EventDate "2013.07.20"]
[EventType "tourn (corr)"]
[EventRounds "6"]
[EventCountry "GER"]
[SourceTitle "Corr 2015"]
[Source "ChessBase"]
[SourceDate "2015.07.17"]
[SourceVersion "1"]
[SourceVersionDate "2015.07.17"]
[SourceQuality "1"]

1. d4 Nf6 2. Nf3 e6 3. Bf4 c5 4. e3 Nc6 5. Nc3 cxd4 6. exd4 Be7 7. Be2 0-0 8. 0-0 d5 9. Re1 a6 10. Bd3 Nh5 11. Be3 Nf6 12. a3 b5 13. Qd2 Bb7 14. Bg5 Rc8 15. Qf4 Nh5 16. Qg4 Bxg5 17. Qxh5 h6 18. Nxg5 Qxg5 19. Qxg5 hxg5 20. Ne2 b4 21. Reb1 Rc7 22. Rc1 bxa3 23. bxa3 e5 24. dxe5 Nxe5 25. h3 1/2-1/2

[Event "GER Cup19 sf24 serv"]
[Site "GER email"]
[Date "2013.07.14"]
[Round "?"]
[White "Ipek Yilmaz, Eser"]
[Black "Altenburg, Nils"]
[Result "0-1"]
[WhiteElo "1529"]
[BlackElo "1657"]
[PlyCount "26"]
[EventDate "2013.07.20"]
[EventType "tourn (corr)"]
[EventRounds "6"]
[EventCountry "GER"]
[SourceTitle "Corr 2015"]
[Source "ChessBase"]
[SourceDate "2015.07.17"]
[SourceVersion "1"]
[SourceVersionDate "2015.07.17"]
[SourceQuality "1"]

1. b3 d5 2. g3 Nf6 3. Bb2 Bf5 4. Bg2 e6 5. f3 Nc6 6. a3 e5 7. f4 exf4 8. gxf4 Qe7 9. e3 0-0-0 10. a4 Nb4 11. Na3 d4 12. Kf1 dxe3 13. d3 Ne4 0-1

[Event "Hamburg CupT"]
[Site "Hamburg"]
[Date "2011.02.12"]
[Round "1.1"]
[White "Schiele, Lars"]
[Black "Altenburg, Nils"]
[Result "1-0"]
[WhiteElo "2052"]
[BlackElo "1591"]
[PlyCount "63"]
[EventDate "2011.02.12"]
[EventType "team-k.o."]
[EventRounds "4"]
[EventCountry "GER"]
[SourceTitle "EXT 2022"]
[Source "ChessBase"]
[SourceDate "2021.10.06"]
[SourceVersion "1"]
[SourceVersionDate "2021.10.06"]
[SourceQuality "1"]
[WhiteTeam "Hamburg Weisse Dame"]
[BlackTeam "Hamburger SK"]
[WhiteTeamCountry "GER"]
[BlackTeamCountry "GER"]

1. e4 c6 2. Nc3 d5 3. d4 dxe4 4. Nxe4 Bf5 5. Ng3 Bg6 6. h4 h6 7. Nf3 Nd7 8. h5 Bh7 9. Bd3 Bxd3 10. Qxd3 e6 11. Bf4 Ngf6 12. 0-0-0 Nd5 13. Bd2 b5 14. Rde1 Be7 15. Ne4 0-0 16. g4 Qc7 17. g5 f5 18. gxf6 N7xf6 19. Ne5 Nxe4 20. Qxe4 Rxf2 21. Bxh6 Rf5 22. Ng4 Nf4 23. Kb1 Bg5 24. Bxg5 Rxg5 25. Reg1 Re8 26. h6 Rh5 27. Nf6+ Kf8 28. Nxe8 Kxe8 29. Rxh5 Nxh5 30. Qg6+ Qf7 31. Qxf7+ Kxf7 32. h7 1-0